| 000 | 00464nam a2200157 a 4500 | ||
|---|---|---|---|
| 005 | 20140414093842.0 | ||
| 008 | 081126s19uu xx 00 eng d | ||
| 050 |
_aCDR 370.1 _bQBM 2007c2 |
||
| 100 | _aInternational Baccalaureate Organization | ||
| 245 |
_aIB question bank : _bEconomics / business and management :. |
||
| 440 | _aIB Question Bank | ||
| 650 | _aEconomics. | ||
| 650 |
_aBusiness and management _xquestions. |
||
| 942 | _cAVM | ||
| 999 |
_c109366 _d109366 |
||